Memoria del Encuentro Intercooperativo "Análisis de la Actividad Arrocera 1983"

Gespeichert in:
Bibliographische Detailangaben
Körperschaft: Proyecto FORGE (Francia-CEE-IICA)
Format: Text
Veröffentlicht: Guanacaste :
Tags: Tag hinzufügen
Keine Tags, Fügen Sie den ersten Tag hinzu!

MARC

LEADER 00000 a a2200000 04500
001 14559
003
040
090 |a 014300  
110 |a Proyecto FORGE (Francia-CEE-IICA)  
245 |a Memoria del Encuentro Intercooperativo "Análisis de la Actividad Arrocera 1983"  
260 |a Guanacaste :  
300 |a 77 p  
999 |c 5881  |d 5881